01148nam a2200373Ic 450000100060000000300100000600500170001600700030003300800410003602000180007704000350009504100080013008200140013811000240015224500990017625000450027526400390032030000180035933600270037733700330040433800280043749000250046550000380049050000380052865000210056665000320058765000190061965000220063865000240066065000210068465000180070565000210072370000300074459368CO-BoRNBP20251006220617.0ta180815s2016 sp g 000 0 spa  a9788420664200 aCO-BoRNBPbspaerdacCO-BoRNBP aspa04a508bS13c2 aScientific American10aCuestiones curiosas de ciencia /cScientific American ; traducción Dulcinea Otero-Piñeiro. aPrimera ediciónbsegunda reimpresión 1aMadird, España :bAlianza,c2016 a285 páginas atextobtxt2rdacontent asin mediaciónbn2rdamedia avolumenbnc2rdacarrier0 aEl libro de bolsillo aRecomendado para público adulto aRecomendado para público adulto07aBioquimica2LEMB07aCiencias de la tierra2lemb07aPlanetas2lemb07aSatélites2lemb07aSeres humanos2lemb07aAstronomia2LEMB07aCiencia2LEMB07aBiología2LEMB aOtero-Piñeiro, Dulcinea